000 00340 a2200157 4500
001 69271
020 _a8530502035
040 _cAnchieta - Itaigara
100 _aCarrasco, Walcyr
240 1 0 _aAs asas do Joel
_lpor
245 1 0 _aAs asas do Joel
300 _a63
362 0 _a1998
650 4 _aLiteratura infanto-juvenil
942 _cBK
999 _c69271
_d69271